| 000 | 00394nam a22001577a 4500 | ||
|---|---|---|---|
| 999 |
_c15512 _d15512 |
||
| 003 | OSt | ||
| 008 | 180823b ||||| |||| 00| 0 eng d | ||
| 082 |
_a690.0223 _bBAL/BU |
||
| 100 |
_aBalagopal _93281 |
||
| 245 | _aBuilding drawing and detailing | ||
| 260 |
_aCalicut _bSpades publishers _c1987 |
||
| 300 | _a31 | ||
| 700 |
_aVincent paul, K _93282 |
||
| 700 |
_aVijayan, C _93283 |
||
| 942 | _cBK | ||